000 00232 a2200073 4500
245 0 _aEGNOS Workshop /
_c.
710 2 _aPolski Punkt Informacyjny Galileo.
_eWydawca
_4pbl
260 _aGdynia :
_bPolski Punkt Informacyjny Galileo,
_c2005.
300 _aCD-ROM;
_c0 cm.
999 _c17557
_d17557